000 00450nam a2200133 a 4500
008 120416s1927 ||||||||||||||||| || u
050 _aQA 531 Cra
100 _aCrawley, Edwin S
245 1 0 _aTRigonometry
260 _aNew York
_bF.S. Crofts
_c1927
300 _a(xxxvi),266p. : ill
350 _a0.00
995 _D0.00
_FCBU-MAIN LIBRARY (Kitwe)
_H1
_I1.50
_M1
_UDAMAGED
_ZMain Library Open Access Collection
999 _c60442
_d60442